00686nam a2200181 i 450000100060000000300090000600500170001500700030003200800410003510000290007624501090010526000820021430000220029670000280031885200210034699900170036795201200038487694ES-MaACL20230906175725.0t|041223s1932 fr ||||1| fre d1 aLabriola, Arturo.96929310aAu delá du capitalisme et du socialisme / cArturo Labriola ; traduit de l'italien par Stefan Priacel. aParis : bValois, c1932 (ePoitiers : fSociété Français d'Imprimerie) a285 p. ; c20 cm.1 aPriacel, Stefan.993830 aES-MaACLjA-1551 c87694d87694 00104070aATENEOMbATENEOMcSPP1d2008-01-17eSCl0oA-1551p1091613r2023-02-23 00:00:00w2023-02-23yMONOGRAFIA